000 00501nam a22001937a 4500
003 MPLRDC
005 20220104124532.0
008 210129b ||||| |||| 00| 0 eng d
020 _a7-80037-855-1
082 _a859.61 SNZS v.18
100 _a甄欣等编著
245 _a独特的城市. 奇异的建筑
_c
250 _a一版一刷
260 _a
_b中国和平出版社
_c1993
300 _b
490 _a少年知识大世界
650 _a儿童知识
942 _cBK
_o859.61 SNZS v.18
999 _c20111
_d20101